1103 1279 1677 1710 1819 1648 1009 1621 1495 1991 1880 1384 1848 1137 1500 1321 1062 1277 1720 1482 1163 1479 1188 1848 1428 1238 1998 1364 1188 1103 1557 1291 1025 1359 1554 1282 1972 1892 1862 1842 1577 1596 1703 1419 1462 1579 1948 1639 1437 1717 1840 1709 1762 1971 1339 1913 1893 1490 1470 1486 1432 1952 1935 1352 1589 1362 1069 1239 1672 1453 1022 1927 1875 1510 1326 1276 1061 1137 1819 1366 1559 1837 1800 1458 1286 1483 1277 1223 1827 1497 1730 1911 1001 1787 1537 1228 1883 1723 1140 BCNSPRNW ULIB Ver.6.0+V

เปลี่ยนเป็นภาษาไทย

Change to English
 แสดงรายละเอียดบรรณานุกรม
  กลับหน้าหลัก

Brief Record : Get Marc (ISO 2709) : E-mail record : QR code < ปิดหน้าต่าง
LEADER : 00000nam 2200000uu 4500
001    13399124915
003     ULIB
008    160503s2556||||th 000 0 tha d
020    ^a9786162791765
060 04 ^aWG140^bP895
110 1  ^aมหาวิทยาลัยมหิดล. ^bคณะแพทยศาสตร์ศิริราชพยาบาล.^bภาควิชาอายุรศาสตร์. ^bสาขาวิชาหทัยวิทยา
245 00 ^aPractical electrocardiography. /^cบรรณาธิการ, ยงยุทธ สหัสกุล... [และคนอื่นๆ]
250    ^aพิมพ์ครั้งที่ 1
260    ^aกรุงเทพฯ :^bสาขาวิชาหทัยวิทยา ภาควิชาอายุรศาสตร์และศูนย์โรคหัวใจสมเด็จพระบรมราชินีนาถ คณะแพทยศาสตร์ศิริราชพยาบาลมหาวิทยาลัยมหิดล,^c2556
300    ^a406 หน้า :^bภาพประกอบ ;^c22 ซม.
500    ^aการพยาบาลผู้ใหญ่
505 0  ^aบทนำ -- ความรู้พื้นฐาน -- ห้องหัวใจโต -- โรคกล้ามเนื้อหัวใจขาดเลือด -- ภาวะหัวใจเต้นผิดจังหวะ -- ภาวะหัวใจเต้นผิดจังหวะจากตำแหน่งเหนือต่อเวนตริเกิล -- ภาวะหัวใจเต้นผิดจังหวะจากเวนตริเกิล -- ภาวะปิดกั้นการนำกระแสไฟฟ้าสู่เวนตริเกิล -- ความผิดปกติของคลื่นไฟฟ้าหัวใจในโรคและภาวะบางอย่าง
650  4 ^aการบันทึกคลื่นไฟฟ้าหัวใจ
650  4 ^aหัวใจ, โรค^xการวินิจฉัย
653    ^aผลงานอาจารย์คณะแพทยศาสตร์ศิริราชพยาบาล
700 0  ^aยงยุทธ สหัสกุล,^eบรรณาธิการ
710 2  ^aมหาวิทยาลัยมหิดล. ^bคณะแพทยศาสตร์ศิริราชพยาบาล.^bศูนย์โรคหัวใจสมเด็จพระบรมราชินีนาถ
945    ^p295^l0^i000690
945    ^p295^l0^i000691
945    ^p295^l0^i000692
945    ^p295^l0^i000693
945    ^p295^l0^i000694
945    ^p295^l0^i000695
945    ^p295^l0^i000696
999    ^aทศพร
รายการนี้ยังไม่มีแท็ก
คุณยังไม่ได้ล็อกอิน คุณสามารถมีกิจกรรมร่วมกับเว็บไซต์ได้ แต่ต้องล็อกอินก่อน ::
  ล็อกอิน

รายการสื่อสารสนเทศ

ลำดับที่ ประเภท เลขเรียก/บาร์โค้ด สถานที่ สถานะ
1. วิทยาศาสตร์การแพทย์ และสุขภาพ
หนังสือสำรอง
สถานะ=หนังสือสำรอง
WG140 P895 ฉ.1 
  Barcode: 000690
ห้องสมุดวิทยาเขตสวรรค์ประชารักษ์
►ส่วนจัดเก็บหนังสือเก่า สปร
บนชั้น
  ขอยืม
2. วิทยาศาสตร์การแพทย์ และสุขภาพ
วิทยาศาสตร์การแพทย์ และสุขภาพ
WG140 P895 ฉ.2 
  Barcode: 000691
ห้องสมุดวิทยาเขตสวรรค์ประชารักษ์
►ส่วนจัดเก็บหนังสือเก่า สปร
บนชั้น
  ขอยืม
3. วิทยาศาสตร์การแพทย์ และสุขภาพ
วิทยาศาสตร์การแพทย์ และสุขภาพ
WG140 P895 ฉ.3 
  Barcode: 000692
ห้องสมุดวิทยาเขตสวรรค์ประชารักษ์
►ส่วนจัดเก็บหนังสือเก่า สปร
บนชั้น
  ขอยืม
4. วิทยาศาสตร์การแพทย์ และสุขภาพ
วิทยาศาสตร์การแพทย์ และสุขภาพ
WG140 P895 ฉ.4 
  Barcode: 000693
ห้องสมุดวิทยาเขตสวรรค์ประชารักษ์
►หนังสือทั่วไป
บนชั้น
5. วิทยาศาสตร์การแพทย์ และสุขภาพ
วิทยาศาสตร์การแพทย์ และสุขภาพ
WG140 P895 ฉ.5 
  Barcode: 000694
ห้องสมุดวิทยาเขตสวรรค์ประชารักษ์
►ส่วนจัดเก็บหนังสือเก่า สปร
บนชั้น
  ขอยืม
6. วิทยาศาสตร์การแพทย์ และสุขภาพ
วิทยาศาสตร์การแพทย์ และสุขภาพ
WG140 P895 ฉ.6 
  Barcode: 000695
ห้องสมุดวิทยาเขตสวรรค์ประชารักษ์
►หนังสือทั่วไป
ถูกยืม กำหนดส่งวันที่ 8 มีนาคม 2567
  จอง
7. วิทยาศาสตร์การแพทย์ และสุขภาพ
วิทยาศาสตร์การแพทย์ และสุขภาพ
WG140 P895 ฉ.7 
  Barcode: 000696
ห้องสมุดวิทยาเขตสวรรค์ประชารักษ์
►ส่วนจัดเก็บหนังสือเก่า สปร
บนชั้น
  ขอยืม

รายการใกล้เคียง
    หัวเรื่อง [การบันทึกคลื่นไฟฟ้าหัวใจ]

BibComment


ยังไม่เคยถูกคอมเมนท์

คอมเมนท์ทรัพยากรรายการนี้
  คอมเมนท์: Practical electr..


 Copyright 2026. Bcnsprnw @Library